000 00296nam a22001337a 4500
008 210226b ||||| |||| 00| 0 eng d
020 _a9781562056315
041 _aeng
080 _a004
100 _a28
101 _aSHKI
245 _aWireless Networking HandBook
_cGeier,J
942 _2udc
_cBK
999 _c55258
_d55258